| 000 | 01558cad a22002175a 4500 | ||
|---|---|---|---|
| 001 | L156407 | ||
| 008 | 120517s2012 xxk f 000 0 eng d | ||
| 020 | _a9781859464670 | ||
| 035 | _a(Sirsi) u156407 | ||
| 041 | 0 | _aeng | |
| 110 | 2 |
_aRoyal Institute of British Architects _92527 |
|
| 245 | 0 | 0 |
_aBIM overlay to the RIBA outline plan of work _h[electronic resource] |
| 260 |
_aLondon _bRIBA _c2012 |
||
| 520 | _aThis document is the result of a review of the Outline Plan of Work 2007 (Amended November 2008) by a working group under the direction of the RIBA Practice and Profession Committee. A number of clients have assisted in the review, and the RIBA members involved in the UK Government Cabinet Office and CIC BIM working groups have also contributed to the document. It builds on the Green Overlay to the RIBA Outline Plan of Work, edited by Bill Gething and recently published by RIBA Publishing. Together these two documents are part of the preparatory work being undertaken prior to a fundamental review of the RIBA Plan of Work that will take place in 2012-13. This document also forms part of the response from the construction industry, and in particular the RIBA, to the Government's commitment to have all its projects utilising BIM from the summer of 2012. | ||
| 590 | _aKA NTK | ||
| 651 | 4 |
_aUnited Kingdom _y |
|
| 690 |
_aBIM _96219 |
||
| 700 | 1 |
_aSinclair, Dale _eEditor |
|
| 856 | 4 | 0 |
_uhttps://www.ribabookshops.com/uploads/b1e09aa7-c021-e684-a548-b3091db16d03.pdf _zView the item free of charge at www.architecture.com |
| 942 | _n0 | ||
| 999 |
_c114243 _d114243 |
||